00544nam a22001577a 450000500170000001000150001702000260003203500140005803700130007208200140008510000280009924500850012726000430021227000930025530000380034820220802122555.0 aENG-134155 a9789383649785c880.00 aEN-117687 bDBAB/PUB a327.54059 aBhattacharya, Subhadeep aLooking East Since 1947:bIndia's Southeast Asia Policy/cSubhadeep Bhattacharya aNew DelhibKW Publishers Pvt Ltdc2016 a4676/21, First Floor, Ansari Road, DaryaganjbNew Delhie110002mknowledgeworld@vsnl.net aix, 186p.bBibliographyc23cm(hb)